000 00286pam a2200145 a 4500
020 _c
041 _h
100 _aGeorge W. Snedecor
245 _aStatistical Methods
260 _c1994
300 _a503
653 _aStatistics
700 _aWilliam G. Cocharan
930 _a908
999 _c246761
_d246761